000 00938nam a2200253 i 4500
001 7744
003 ES-MaACL
005 20230906145313.0
007 t|
008 910510s1989 sp a |||| | spa d
020 _a84-235-0848-X
080 _a729.969.3(465.1)"04/14"
080 _a73.046.3(465.1)"04/14"
100 1 _aFernández-Ladreda, Clara.
_949860
245 1 0 _aImagineria medieval mariana /
_cClara Fernández-Ladreda.
260 _aPamplona :
_bGobierno de Navarra, Departamento de Educación y Cultura,
_cD.L. 1989.
300 _a403 p. :
_bil. ;
_c28 cm.
504 _aBibliografía: p. 392-400.
600 0 4 _aVirgen María-
_xIconografía.
_9115442
650 1 4 _aEscultura religiosa-
_zNavarra (Comunidad Autónoma)
_9168030
650 4 _aEscultura medieval-
_zNavarra (Comunidad Autónoma)
_9168031
710 1 _aNavarra (Comunidad Autónoma).
_bDepartamento de Educación y Cultura.
_95980
852 _aES-MaACL
_jC-10437
999 _c7744
_d7744